| 000 | 00546nam a22001817a 4500 | ||
|---|---|---|---|
| 005 | 20231114104918.0 | ||
| 010 | _aENG-126277 | ||
| 020 |
_c750.00 _a9789381234051 |
||
| 035 | _aEN-109809 | ||
| 037 | _bDBAD/PUB | ||
| 082 | _a954.042 | ||
| 100 |
_aAshraf Ali _958591 |
||
| 245 |
_aJawaharlal Nehru: _cby Ashraf Ali _bmaker of modern india/ _hEnglish |
||
| 260 |
_aDelhi _bAnkit Publications _c2019 |
||
| 270 |
_bDelhi _aR-69,Third Floor,Model Town-III, _e110009 |
||
| 300 |
_a288p. _c23cm(HB) |
||
| 942 |
_2ddc _cEN _h954.042 _mNEH |
||
| 999 |
_c167154 _d167154 |
||